Loading...
| Fine Arts - Visual | 1 | 4 | 0 | 0 | 55 | 59 | 85.00 | 3 | 5 | 0.00 | 0.00 |
| Literature - World | 3 | 1 | 0 | 0 | 55 | 43 | 62.00 | 2 | 4 | 12.61 | 48.61 |
| Fine Arts - Auditory | 2 | 2 | 1 | 0 | 45 | 20 | 67.25 | 3 | 3 | 0.00 | 0.00 |
| Literature - American | 0 | 4 | 0 | 1 | 40 | 69 | 104.25 | 0 | 3 | 7.36 | 16.67 |
| Literature - European | 1 | 2 | 1 | 0 | 30 | 62 | 84.67 | 1 | 3 | 29.91 | 59.03 |
| Religion | 0 | 3 | 0 | 1 | 30 | 77 | 99.33 | 1 | 2 | 5.79 | 20.83 |
| History - European | 1 | 1 | 1 | 0 | 20 | 61 | 86.50 | 0 | 2 | 17.15 | 29.86 |
| Science - Chemistry | 0 | 2 | 1 | 0 | 15 | 116 | 119.50 | 0 | 1 | 0.00 | 0.00 |
| Science - Physics | 1 | 0 | 0 | 0 | 15 | 54 | 54.00 | 1 | 1 | 7.06 | 14.58 |
| Philosophy | 0 | 2 | 1 | 0 | 15 | 102 | 104.50 | 1 | 2 | 13.94 | 23.61 |
| Literature - British | 0 | 2 | 1 | 0 | 15 | 107 | 115.00 | 0 | 1 | 15.97 | 24.31 |
| Mythology | 0 | 2 | 1 | 0 | 15 | 87 | 95.00 | 0 | 2 | 4.26 | 8.33 |
| Social Science | 1 | 0 | 1 | 0 | 10 | 76 | 76.00 | 1 | 1 | 2.60 | 13.19 |
| Fine Arts - Other | 1 | 0 | 1 | 0 | 10 | 55 | 55.00 | 1 | 1 | 0.00 | 0.00 |
| Geography | 0 | 1 | 0 | 0 | 10 | 127 | 127.00 | 0 | 1 | 3.60 | 8.33 |
| History - American | 1 | 0 | 1 | 0 | 10 | 58 | 58.00 | 1 | 1 | 0.00 | 4.86 |
| History - Other | 0 | 2 | 2 | 0 | 10 | 86 | 86.00 | 1 | 2 | 3.70 | 8.33 |
| Current Events | 0 | 1 | 0 | 0 | 10 | 78 | 78.00 | 1 | 1 | 30.85 | 70.83 |
| History - World | 0 | 1 | 1 | 0 | 5 | 98 | 98.00 | 0 | 1 | 29.52 | 57.64 |
| Science - Biology | 0 | 1 | 1 | 0 | 5 | 83 | 83.00 | 0 | 1 | 0.00 | 0.00 |